000 00675nam a2200229Ia 4500
003 OSt
005 20220926004254.0
006 a|||||r|||| 00| 0
007 ta
008 220923b |||||||| |||| 00| 0 eng d
037 _cGeneral Book
040 _aRTL
_cRTL
_beng
041 _2eng
_aeng
082 _aW,31m2,59, J9.27,1-12
110 _aINDIA, RAJYA SABHA
_9263636
245 0 _aParliamentory debates
_b Rajya sabha official report
260 _a New Delhi
_bRajya sabha sacretariat
_c1959
300 _a1848p
_ccm.
700 _aINDIA, RAJYA SABHA
_9263637
942 _hW,31m2,59, J9.27,1-12
_cGB
_2CC
999 _c610494
_d610494